000 00907nam a22002657a 4500
003 dpl
005 20180706172936.0
008 180620b xxu||||| |||| 00| 0 eng d
010 _aB-132292
020 _c00.00
_a0070590249
035 _aB-132292, B-132312, B-132293
037 _bCen Lib/Ret
040 _aDPL
_bEN
_c0
082 _a658.4038
_bODE
100 _aO'Dell, Carla
_939917
245 _aThe executive's role in knowledge management /
_cby Carla O'Dell [and] Paige Leavitt
260 _aNew Delhi
_bTata McGraw-Hill Publishing Company
_c2004
270 _a7 West Patel Nagar
_bNew Delhi
_e110008
300 _avi,129p.
_c21cm(pbk)
500 _aIncludes bibliographical references and index
650 _aKnowledge management
_911
650 _aBUSINESS & ECONOMICS / Knowledge Capital
_939918
700 _aLeavitt, Paige
_938211
942 _2ddc
_cEN
_h658.4038
_mODE
999 _c133535
_d133535